000 01113nam a2200277 i 4500
001 bg
946 _c10,00
100 1 _aSobczak, Joanna.
245 0 0 _aKodeks zaleceń i praktyk do utrzymania dobrostanu indyków /
_cJoanna Sobczak, Tadeusz Waligóra ; Instytut Budownictwa, Mechanizacji i Elektryfikacji Rolnictwa ; [oprac. red. Elżbieta Bień].
260 _aWarszawa :
_bIBMER,
_c2003.
300 _a24, [1] s. :
_brys. ;
_c21x30 cm.
650 9 _aIndyk
_xhodowla
_xhigiena
650 9 _aHarmonizacja prawa
_zPolska
651 9 _aPolska
_xa Unia Europejska
_xrolnictwo
655 _aInstrukcje
700 1 _aWaligóra, Tadeusz.
700 1 _aBień, Elżbieta.
_eOprac.
710 2 _aInstytut Budownictwa, Mechanizacji i Elektryfikacji Rolnictwa (Warszawa).
020 _a8386264837
040 _cBPK
041 0 _apol
044 _aPOL
080 _a636.592.03(438:4-67)(083.1)
942 _cKA
008 s pl f |000 0 pol
999 _c49145
_d49145
856 _uhttp://koha.tu.koszalin.pl/cgi-bin/koha/opac-detail.pl?biblionumber=49145
_yKatalog online BPK